[Event "GER-chT Lands U20"]
[Site "Wiesbaden"]
[Date "2022.10.02"]
[Round "4.2"]
[White "Hagner, Bennet"]
[Black "Mader, Fabian"]
[Result "1-0"]
[WhiteElo "2253"]
[BlackElo "1735"]
[PlyCount "69"]
[EventDate "2022.09.30"]
[EventType "team-swiss"]
[EventRounds "7"]
[EventCountry "GER"]
[SourceTitle "CBM 210 Extra"]
[Source "ChessBase"]
[SourceDate "2022.11.30"]
[SourceVersion "1"]
[SourceVersionDate "2022.11.30"]
[SourceQuality "1"]
[WhiteTeam "Hessen U20"]
[BlackTeam "Rheinland Pfalz U20"]
[WhiteTeamCountry "GER"]
[BlackTeamCountry "GER"]

1. e4 c5 2. Nf3 Nc6 3. d4 cxd4 4. Nxd4 Nf6 5. Nc3 e5 6. Ndb5 d6 7. Bg5 a6 8. Na3 b5 9. Nd5 Be7 10. Bxf6 Bxf6 11. c3 Rb8 12. Nc2 Bg5 13. a4 bxa4 14. Ncb4 Nxb4 15. cxb4 0-0 16. Rxa4 a5 17. h4 Bh6 18. b5 Bd7 19. Nc3 d5 20. exd5 e4 21. Rxe4 f5 22. Rd4 Re8+ 23. Be2 Rxb5 24. 0-0 Rxb2 25. Bc4 Kh8 26. d6 f4 27. Na4 Bxa4 28. Qxa4 Rb4 29. Qxe8+ Qxe8 30. d7 Qd8 31. Re1 Rb8 32. Bb5 g6 33. Re8+ Kg7 34. Rxd8 Rxd8 35. Re4 1-0

[Event "GER-ch U14"]
[Site "Willingen"]
[Date "2022.06.09"]
[Round "7"]
[White "Winkler, Yonathan"]
[Black "Mader, Fabian"]
[Result "0-1"]
[WhiteElo "1699"]
[BlackElo "1652"]
[PlyCount "74"]
[EventDate "2022.06.04"]
[EventType "swiss"]
[EventRounds "9"]
[EventCountry "GER"]
[SourceTitle "CBM 208 Extra"]
[Source "ChessBase"]
[SourceDate "2022.07.31"]
[SourceVersion "1"]
[SourceVersionDate "2022.07.31"]
[SourceQuality "1"]

1. e4 c5 2. Nf3 Nc6 3. d4 cxd4 4. Nxd4 Nf6 5. Nc3 e5 6. Ndb5 d6 7. Bg5 a6 8. Na3 b5 9. Nd5 Be7 10. Bxf6 Bxf6 11. c4 b4 12. Nc2 0-0 13. Qf3 Bg5 14. h4 Bh6 15. g4 Bf4 16. Nxf4 exf4 17. Qxf4 Ne5 18. Ne3 Qa5 19. b3 Be6 20. Be2 Qb6 21. h5 f6 22. Rd1 a5 23. Nf5 Bxf5 24. gxf5 h6 25. Rg1 Kh8 26. Qg3 Rf7 27. f4 Nd7 28. Qf2 Nc5 29. e5 fxe5 30. fxe5 dxe5 31. Rd5 Rc8 32. Rxe5 Qf6 33. Qe3 Nd7 34. Rd5 Re7 35. Qd2 Rce8 36. Rxa5 Rxe2+ 37. Qxe2 Qa1+ 0-1

[Event "GER-ch U14"]
[Site "Willingen"]
[Date "2022.06.08"]
[Round "5"]
[White "Haubold, Christian Lucas"]
[Black "Mader, Fabian"]
[Result "1-0"]
[WhiteElo "1944"]
[BlackElo "1652"]
[PlyCount "109"]
[EventDate "2022.06.04"]
[EventType "swiss"]
[EventRounds "9"]
[EventCountry "GER"]
[SourceTitle "CBM 208 Extra"]
[Source "ChessBase"]
[SourceDate "2022.07.31"]
[SourceVersion "1"]
[SourceVersionDate "2022.07.31"]
[SourceQuality "1"]

1. e4 c5 2. Nf3 Nc6 3. d4 cxd4 4. Nxd4 Nf6 5. Nc3 e5 6. Ndb5 d6 7. Nd5 Nxd5 8. exd5 Ne7 9. c4 Ng6 10. h4 h5 11. Bg5 Be7 12. c5 f6 13. Qd3 Kf7 14. Be3 a6 15. Qa3 dxc5 16. d6 Bxd6 17. Bc4+ Be6 18. Bxe6+ Kxe6 19. Qb3+ Ke7 20. Nxd6 Qxd6 21. Qxb7+ Qd7 22. Bxc5+ Ke6 23. Qb6+ Kf7 24. Rd1 Qc8 25. Qb3+ Ke8 26. Qa4+ Kf7 27. Qc4+ Ke8 28. Qd5 Ne7 29. Bxe7 Kxe7 30. 0-0 Rd8 31. Qf3 Rxd1 32. Rxd1 g6 33. Qa3+ Kf7 34. Qd6 Ra7 35. Qb6 Qc7 36. Qb3+ Ke7 37. g3 Qc6 38. Qe3 Rd7 39. Rc1 Qb5 40. Qh6 Qd3 41. Qg7+ Ke6 42. Rc6+ Rd6 43. Rxd6+ Kxd6 44. Qxf6+ Kd5 45. Kg2 e4 46. Qxg6 Qf3+ 47. Kg1 Qd1+ 48. Kh2 Qf3 49. Qb6 Qe2 50. a4 Qc2 51. b3 Qe2 52. b4 Qb2 53. Qa5+ Kd4 54. Qc5+ Kd3 55. Qe3+ 1-0

[Event "GER-ch U12"]
[Site "Willingen"]
[Date "2020.10.28"]
[Round "3"]
[White "Mader, Fabian"]
[Black "Mueller, Maximilian3333"]
[Result "0-1"]
[WhiteElo "1588"]
[BlackElo "1691"]
[PlyCount "96"]
[EventDate "2020.10.26"]
[EventType "swiss"]
[EventRounds "7"]
[EventCountry "GER"]
[SourceTitle "CBM 199 Extra"]
[Source "ChessBase"]
[SourceDate "2021.01.31"]
[SourceVersion "1"]
[SourceVersionDate "2021.01.31"]
[SourceQuality "1"]

1. e4 e6 2. d4 d5 3. Bd3 dxe4 4. Bxe4 Nf6 5. Bf3 Nbd7 6. Ne2 c5 7. Be3 Qb6 8. Nbc3 cxd4 9. Nxd4 Bc5 10. 0-0 a6 11. Na4 Qc7 12. Nxc5 Nxc5 13. c3 0-0 14. Nb3 Ncd7 15. Qe2 e5 16. g3 Re8 17. Rad1 e4 18. Bg2 Ne5 19. Bf4 Bg4 20. Qc2 Bxd1 21. Rxd1 Qe7 22. Bxe4 Nxe4 23. Qxe4 Ng6 24. Qxe7 Rxe7 25. Be3 Ne5 26. Nd2 Rd8 27. Kg2 Nc4 28. Kf3 Rxe3+ 29. fxe3 Rxd2 30. Rxd2 Nxd2+ 31. Ke2 Nc4 32. b3 Ne5 33. e4 Kf8 34. h3 Ke7 35. Ke3 Kd6 36. b4 b5 37. Kf4 Nd3+ 38. Ke3 Nb2 39. h4 Ke5 40. g4 Nd1+ 41. Kd2 Nf2 42. Ke3 Nxg4+ 43. Kf3 Nf6 44. a4 bxa4 45. c4 Nxe4 46. b5 axb5 47. cxb5 a3 48. b6 Nc5 0-1

[Event "GER-ch Net Amateur Gr-B Vor3"]
[Site "Playchess.com INT"]
[Date "2020.04.16"]
[Round "1"]
[White "Dederichs, Wolfgang"]
[Black "Mader, Fabian"]
[Result "1-0"]
[WhiteElo "1726"]
[BlackElo "1562"]
[PlyCount "109"]
[EventDate "2020.04.16"]
[EventType "swiss (blitz)"]
[EventRounds "9"]
[EventCountry "GER"]
[SourceTitle "CBM 195 Extra"]
[Source "ChessBase"]
[SourceDate "2020.05.31"]
[SourceVersion "1"]
[SourceVersionDate "2020.05.31"]
[SourceQuality "1"]

1. c4 Nf6 2. Nc3 d5 3. d4 g6 4. cxd5 Nxd5 5. e4 Nxc3 6. bxc3 Bg7 7. Bc4 0-0 8. Ne2 c5 9. 0-0 Nc6 10. Be3 cxd4 11. cxd4 Na5 12. Bd3 Bg4 13. Rc1 Bxd4 14. Bxd4 Qxd4 15. Nxd4 Bxd1 16. Rfxd1 Rfd8 17. Nb5 a6 18. Nc7 Rac8 19. Nd5 Nc6 20. Rxc6 bxc6 21. Nxe7+ Kf8 22. Nxc8 Rxc8 23. Bxa6 Ra8 24. Bc4 Ra4 25. Rc1 Ke7 26. f3 Kd6 27. Bb3 Ra8 28. Rd1+ Kc5 29. Bxf7 Kb4 30. Bb3 c5 31. Rc1 Ra7 32. Kf2 Rd7 33. Ke2 Rc7 34. Rc4+ Kb5 35. Ke3 Rd7 36. Ke2 Rd8 37. e5 Re8 38. Re4 Kc6 39. e6 Kd6 40. e7 Rxe7 41. Rxe7 Kxe7 42. Kd3 Kd6 43. Kc4 Kc6 44. Ba4+ Kb6 45. Bb5 h5 46. a4 h4 47. g3 h3 48. g4 g5 49. Kd5 Ka5 50. Ke5 c4 51. Bxc4 Kxa4 52. Bf1 Kb4 53. Bxh3 Kc3 54. Kf5 Kd3 55. Kxg5 1-0

[Event "GER-ch Net Amateur Gr-B Vor3"]
[Site "Playchess.com INT"]
[Date "2020.04.16"]
[Round "6"]
[White "Heyer, Thomas"]
[Black "Mader, Fabian"]
[Result "1-0"]
[WhiteElo "1203"]
[BlackElo "1547"]
[PlyCount "43"]
[EventDate "2020.04.16"]
[EventType "swiss (blitz)"]
[EventRounds "9"]
[EventCountry "GER"]
[SourceTitle "CBM 195 Extra"]
[Source "ChessBase"]
[SourceDate "2020.05.31"]
[SourceVersion "1"]
[SourceVersionDate "2020.05.31"]
[SourceQuality "1"]

1. b4 Nf6 2. Bb2 e6 3. b5 d5 4. e3 Bd7 5. f4 c5 6. c4 Qb6 7. a4 a6 8. Nc3 dxc4 9. Bxc4 axb5 10. axb5 Rxa1 11. Qxa1 Be7 12. Nf3 0-0 13. 0-0 Rd8 14. Qb1 Ne8 15. Qc2 Nd6 16. Be2 Bxb5 17. Nxb5 Nxb5 18. Qb3 Rd6 19. Qxb5 Qc7 20. Be5 Rb6 21. Qe8+ Bf8 22. Bxc7 1-0

[Event "GER-ch Net Amateur Gr-B Vor3"]
[Site "Playchess.com INT"]
[Date "2020.04.16"]
[Round "5"]
[White "Mader, Fabian"]
[Black "Berger, Juergen"]
[Result "0-1"]
[WhiteElo "1558"]
[BlackElo "1686"]
[PlyCount "40"]
[EventDate "2020.04.16"]
[EventType "swiss (blitz)"]
[EventRounds "9"]
[EventCountry "GER"]
[SourceTitle "CBM 195 Extra"]
[Source "ChessBase"]
[SourceDate "2020.05.31"]
[SourceVersion "1"]
[SourceVersionDate "2020.05.31"]
[SourceQuality "1"]

1. e4 e6 2. d4 d5 3. e5 c5 4. c3 Nc6 5. Nf3 Nh6 6. a3 f6 7. Bf4 Nf7 8. exf6 Qxf6 9. Be3 Bd6 10. dxc5 Bc7 11. Bb5 0-0 12. Bxc6 bxc6 13. Bd4 e5 14. Be3 e4 15. Nd4 Ne5 16. 0-0 Bg4 17. Qb3 Qg6 18. Kh1 Qh5 19. Nd2 Nc4 20. Nxe4 Qxh2# 0-1

[Event "GER-ch Net Amateur Gr-B Vor3"]
[Site "Playchess.com INT"]
[Date "2020.04.16"]
[Round "8"]
[White "Mader, Fabian"]
[Black "Heutling, Elina"]
[Result "1/2-1/2"]
[WhiteElo "1530"]
[BlackElo "1607"]
[PlyCount "134"]
[EventDate "2020.04.16"]
[EventType "swiss (blitz)"]
[EventRounds "9"]
[EventCountry "GER"]
[SourceTitle "CBM 195 Extra"]
[Source "ChessBase"]
[SourceDate "2020.05.31"]
[SourceVersion "1"]
[SourceVersionDate "2020.05.31"]
[SourceQuality "1"]

1. e4 e5 2. Nf3 Nc6 3. d4 exd4 4. Nxd4 Nf6 5. Nc3 Bb4 6. Be2 0-0 7. 0-0 Bxc3 8. bxc3 Nxe4 9. Bd3 d5 10. Nxc6 bxc6 11. Bxe4 dxe4 12. Qe2 Re8 13. Re1 Qf6 14. Qc4 Be6 15. Qxc6 Qe5 16. Rxe4 Qd5 17. Qxd5 Bxd5 18. Rxe8+ Rxe8 19. Be3 Be4 20. Rc1 a6 21. f3 Bd5 22. Kf2 Bxa2 23. Ra1 Bc4 24. Ra4 Bb5 25. Rd4 h6 26. Rb4 Re5 27. c4 c5 28. Bxc5 Rxc5 29. cxb5 axb5 30. Kg3 h5 31. c3 g6 32. Kf4 Rxc3 33. Rxb5 Rc2 34. Kg3 h4+ 35. Kh3 Kg7 36. Rb4 g5 37. Rg4 Kh6 38. g3 f5 39. Ra4 Kh5 40. gxh4 g4+ 41. fxg4+ fxg4+ 42. Kg3 Rc3+ 43. Kg2 Kxh4 44. Rf4 Rc2+ 45. Kg1 Kh3 46. Rf8 Rg2+ 47. Kh1 Rxh2+ 48. Kg1 Rg2+ 49. Kh1 Kg3 50. Rf7 Ra2 51. Rf1 Kh3 52. Rb1 g3 53. Kg1 Rd2 54. Rf1 Kg4 55. Re1 Kh3 56. Rc1 Kh4 57. Re1 Kg4 58. Rf1 Kg5 59. Re1 Kf4 60. Ra1 Kf3 61. Ra3+ Kg4 62. Ra4+ Kh3 63. Ra1 Re2 64. Rf1 Kg4 65. Rd1 Kf3 66. Rf1+ Ke3 67. Rd1 Kf3 1/2-1/2

[Event "Bad Soden U14 op 5th"]
[Site "Bad Soden"]
[Date "2018.10.02"]
[Round "6.6"]
[White "Mader, Fabian"]
[Black "Burkart, Lloyd Shang"]
[Result "0-1"]
[WhiteElo "1204"]
[BlackElo "1157"]
[PlyCount "140"]
[EventDate "2018.09.30"]
[EventType "swiss"]
[EventRounds "7"]
[EventCountry "GER"]
[SourceTitle "EXT 2020"]
[Source "ChessBase"]
[SourceDate "2019.10.17"]
[SourceVersion "1"]
[SourceVersionDate "2019.10.17"]
[SourceQuality "1"]

1. e4 c5 2. Nf3 e6 3. c3 d5 4. e5 d4 5. b4 dxc3 6. bxc5 cxd2+ 7. Nbxd2 Bxc5 8. Qa4+ Bd7 9. Bb5 Ne7 10. 0-0 0-0 11. Ne4 Bxb5 12. Qxb5 b6 13. Nxc5 bxc5 14. Qxc5 Nd5 15. Ba3 Nd7 16. Qc2 Re8 17. Rab1 N7b6 18. Rfc1 Rc8 19. Qb3 Qd7 20. g3 h6 21. Nd2 Red8 22. Ne4 Rxc1+ 23. Rxc1 Rc8 24. Rd1 Qa4 25. Qxa4 Nxa4 26. Rd2 Nab6 27. Nd6 Rc3 28. Nb5 Rf3 29. Bc5 a6 30. Nd6 Rc3 31. Ne4 Rc4 32. f3 Nd7 33. Bd6 Rc6 34. Kg2 h5 35. f4 N7b6 36. Nc5 Nc4 37. Rd4 Nxd6 38. exd6 Rxd6 39. Kf3 Kf8 40. Ke4 Ke7 41. Ra4 Nc3+ 42. Ke3 Nxa4 43. Nxa4 f5 44. h4 Kf6 45. Nb2 Rb6 46. Nc4 Rb1 47. a3 Rb3+ 48. Kf2 Rc3 49. Ne5 Rxa3 50. Nd7+ Ke7 51. Nc5 Ra5 52. Nb3 Rd5 53. Ke2 a5 54. Nxa5 Rxa5 55. Ke3 Kd6 56. Kd3 Ra3+ 57. Ke2 Rxg3 58. Kf2 Rg4 59. Kf3 Rxh4 60. Kg3 Rg4+ 61. Kh3 Rxf4 62. Kg3 e5 63. Kg2 e4 64. Kg3 Ke5 65. Kg2 e3 66. Kh2 e2 67. Kg2 e1Q 68. Kh3 Qf1+ 69. Kg3 Rg4+ 70. Kh2 Qg2# 0-1

[Event "GER-ch U10"]
[Site "Willingen"]
[Date "2018.05.21"]
[Round "3"]
[White "Mader, Fabian"]
[Black "Udelnov, Valentin"]
[Result "1-0"]
[WhiteElo "1095"]
[BlackElo "1377"]
[PlyCount "113"]
[EventDate "2018.05.19"]
[EventType "swiss"]
[EventRounds "11"]
[EventCountry "GER"]
[SourceTitle "CBM 184 Extra"]
[Source "ChessBase"]
[SourceDate "2018.06.28"]
[SourceVersion "1"]
[SourceVersionDate "2018.06.28"]
[SourceQuality "1"]

1. e4 e5 2. Nf3 Nc6 3. Bc4 Bc5 4. c3 Nf6 5. d3 d6 6. Bb3 Bg4 7. h3 Bh5 8. Nbd2 Qd7 9. g4 Bg6 10. Nf1 0-0-0 11. Be3 Bxe3 12. Nxe3 h5 13. g5 Nh7 14. Qd2 f6 15. Nd5 Ne7 16. gxf6 Nxf6 17. Ne3 d5 18. exd5 Nexd5 19. Nxe5 Qe8 20. Nxg6 Qxg6 21. 0-0-0 Nxe3 22. Qxe3 Rhe8 23. Qxa7 Rxd3 24. Qa8+ Kd7 25. Ba4+ Ke7 26. Bxe8 Rxd1+ 27. Rxd1 Nxe8 28. Re1+ Kf8 29. Rxe8+ Qxe8 30. Qxe8+ Kxe8 31. Kd2 Ke7 32. Ke3 Ke6 33. Ke4 g5 34. f3 c6 35. a4 b6 36. b4 h4 37. a5 bxa5 38. bxa5 Kd6 39. Kd4 Kc7 40. Kc5 Kb7 41. a6+ Kxa6 42. Kxc6 Ka7 43. c4 Ka6 44. c5 Ka7 45. Kd6 Ka8 46. c6 Kb8 47. Kd7 Ka8 48. c7 Ka7 49. c8Q Kb6 50. Qc6+ Ka5 51. Qb7 Ka4 52. Kc6 Ka3 53. Kc5 g4 54. fxg4 Ka2 55. Kc4 Ka1 56. Kc3 Ka2 57. Qb2# 1-0

[Event "GER-ch U10"]
[Site "Willingen"]
[Date "2018.05.20"]
[Round "1"]
[White "Mader, Fabian"]
[Black "Linnemann, Caspar"]
[Result "0-1"]
[WhiteElo "1095"]
[BlackElo "1408"]
[PlyCount "72"]
[EventDate "2018.05.19"]
[EventType "swiss"]
[EventRounds "11"]
[EventCountry "GER"]
[SourceTitle "CBM 184 Extra"]
[Source "ChessBase"]
[SourceDate "2018.06.28"]
[SourceVersion "1"]
[SourceVersionDate "2018.06.28"]
[SourceQuality "1"]

1. e4 e5 2. Nf3 Nc6 3. Bc4 d6 4. c3 Bg4 5. Bb3 Nf6 6. d3 Be7 7. Nbd2 0-0 8. h3 Bd7 9. Nh4 Nxe4 10. dxe4 Bxh4 11. Nf3 Be7 12. Qd3 Na5 13. Bc2 a6 14. b4 Nc6 15. Nh2 Kh8 16. Qf3 Qc8 17. Ng4 f5 18. Ne3 Bg5 19. Nxf5 Bxc1 20. Rxc1 g6 21. g4 gxf5 22. exf5 Qd8 23. Qe4 Rf7 24. Rf1 Qg5 25. f4 exf4 26. Rxf4 Re8 27. Kd1 Rxe4 28. Rxe4 Qh4 29. Re3 Ne5 30. Bb3 Qf2 31. Re2 Qf1+ 32. Kd2 Qf4+ 33. Kc2 Nc4 34. Rce1 Re7 35. Rxe7 Qd2+ 36. Kb1 Qb2# 0-1

[Event "GER-ch U10"]
[Site "Willingen"]
[Date "2018.05.20"]
[Round "2"]
[White "Scheerer, Julian"]
[Black "Mader, Fabian"]
[Result "1/2-1/2"]
[WhiteElo "1301"]
[BlackElo "1095"]
[PlyCount "48"]
[EventDate "2018.05.19"]
[EventType "swiss"]
[EventRounds "11"]
[EventCountry "GER"]
[SourceTitle "CBM 184 Extra"]
[Source "ChessBase"]
[SourceDate "2018.06.28"]
[SourceVersion "1"]
[SourceVersionDate "2018.06.28"]
[SourceQuality "1"]

1. e4 e6 2. d4 d5 3. exd5 exd5 4. Bd3 Nc6 5. Nf3 Bg4 6. h3 Bxf3 7. Qxf3 Nxd4 8. Qe3+ Ne6 9. f4 Bc5 10. Qg3 Ne7 11. Nd2 g6 12. Nf3 Bd6 13. h4 Qd7 14. Be3 0-0-0 15. 0-0-0 Kb8 16. Ne5 Bxe5 17. fxe5 d4 18. Bf2 Nc5 19. Qf4 Nxd3+ 20. Rxd3 Nf5 21. g4 Ng7 22. Rhd1 Ne6 23. Qd2 Qa4 24. Kb1 c5 1/2-1/2